[Event "BL2-Sued 1920"]
[Site "Germany"]
[Date "2020.02.07"]
[Round "4.8"]
[White "Lorscheid, Gerhard"]
[Black "Dausch, Rene"]
[Result "1-0"]
[WhiteElo "2257"]
[BlackElo "2227"]
[PlyCount "85"]
[EventDate "2019.10.19"]
[EventType "team-tourn"]
[EventRounds "11"]
[EventCountry "GER"]
[SourceTitle "CBM 194 Extra"]
[Source "ChessBase"]
[SourceDate "2020.03.31"]
[SourceVersion "1"]
[SourceVersionDate "2020.03.31"]
[SourceQuality "1"]
[WhiteTeam "Schoenaich"]
[BlackTeam "Worms"]
[WhiteTeamCountry "GER"]
[BlackTeamCountry "GER"]

1. d4 Nf6 2. Nf3 c5 3. c3 e6 4. Bf4 Nc6 5. e3 d5 6. Nbd2 Bd6 7. Bg3 Bxg3 8. hxg3 Qd6 9. Bb5 Bd7 10. Qe2 a6 11. Bd3 e5 12. dxc5 Qxc5 13. e4 0-0 14. exd5 Qxd5 15. Ne4 Ng4 16. Rxh7 Bf5 17. Rh5 g6 18. Rh4 Kg7 19. Nfd2 Rh8 20. Bc4 Qd7 21. 0-0-0 Rxh4 22. gxh4 b5 23. Nb3 Qe7 24. Bd5 Rc8 25. f3 Nf6 26. Nxf6 Qxf6 27. g4 Be6 28. Bxe6 Qxe6 29. Kb1 Qf6 30. Qe4 a5 31. g5 Qf4 32. Qxf4 exf4 33. Nd4 Ne5 34. Re1 Nd3 35. Rd1 Ne5 36. Kc2 Nc4 37. Re1 b4 38. Re4 bxc3 39. bxc3 Ne3+ 40. Kd3 Nd5 41. Ne2 Rd8 42. Rd4 f5 43. Kd2 1-0

[Event "Oberliga Sued W 1819"]
[Site "Germany"]
[Date "2018.11.25"]
[Round "3.7"]
[White "Dausch, Rene"]
[Black "Panfilenko, Wladimir"]
[Result "1/2-1/2"]
[WhiteElo "2240"]
[BlackElo "1943"]
[PlyCount "79"]
[EventDate "2018.10.21"]
[EventType "team-tourn"]
[EventRounds "9"]
[EventCountry "GER"]
[SourceTitle "EXT 2020"]
[Source "ChessBase"]
[SourceDate "2019.10.17"]
[SourceVersion "1"]
[SourceVersionDate "2019.10.17"]
[SourceQuality "1"]
[WhiteTeam "Worms"]
[BlackTeam "Saarbruecken Gambit"]
[WhiteTeamCountry "GER"]
[BlackTeamCountry "GER"]

1. e4 c6 2. d4 d5 3. exd5 cxd5 4. Bf4 Nf6 5. c3 e6 6. Nd2 Bd6 7. Bxd6 Qxd6 8. Ngf3 Nc6 9. Bb5 0-0 10. 0-0 Bd7 11. Re1 a6 12. Bd3 Na5 13. b4 Nc4 14. Bxc4 dxc4 15. Ne5 b5 16. Ne4 Nxe4 17. Rxe4 Bc6 18. Rh4 Qd5 19. Nxc6 Qxc6 20. a4 Rad8 21. a5 Rd5 22. Qc2 h6 23. Re1 Qd6 24. Rhe4 Rd8 25. Qe2 Qe7 26. h3 Qf6 27. Re5 Rxe5 28. Qxe5 Qxe5 29. Rxe5 Rd6 30. Rc5 f6 31. f4 g5 32. f5 exf5 33. Rxf5 Kf7 34. Kf2 Ke6 35. g4 h5 36. Kf3 hxg4+ 37. hxg4 Rd8 38. Rc5 Kd6 39. Rf5 Ke7 40. Ke4 1/2-1/2

[Event "Oberliga Sued W 1718"]
[Site "Germany"]
[Date "2018.01.21"]
[Round "7.4"]
[White "Dausch, Rene"]
[Black "Forthoffer, Patrick"]
[Result "1-0"]
[WhiteElo "2296"]
[BlackElo "2188"]
[PlyCount "65"]
[EventDate "2017.09.10"]
[EventType "team-tourn"]
[EventRounds "11"]
[EventCountry "GER"]
[SourceTitle "EXT 2019"]
[Source "ChessBase"]
[SourceDate "2018.10.10"]
[SourceVersion "1"]
[SourceVersionDate "2018.10.10"]
[SourceQuality "1"]
[WhiteTeam "Worms"]
[BlackTeam "Saarbruecken Gambit"]
[WhiteTeamCountry "GER"]
[BlackTeamCountry "GER"]

1. e4 Nc6 2. d4 d5 3. Nc3 dxe4 4. d5 Ne5 5. Bf4 Ng6 6. Bg3 a6 7. h4 e5 8. dxe6 Bxe6 9. h5 N6e7 10. Nxe4 Nd5 11. Nf3 Be7 12. Nd4 Qd7 13. Bc4 0-0-0 14. Qe2 Bg4 15. f3 Ngf6 16. 0-0-0 Nxe4 17. Qxe4 Bg5+ 18. Kb1 Nf6 19. Qe5 Bh6 20. fxg4 Nxg4 21. Qc5 Kb8 22. Qf5 Ne3 23. Qxd7 Rxd7 24. Nc6+ Kc8 25. Rxd7 Kxd7 26. Ne5+ Ke7 27. Nxf7 Nxc4 28. Nxh8 Kf8 29. Rf1+ Kg8 30. Nf7 Nd2+ 31. Kc1 Nxf1+ 32. Nxh6+ gxh6 33. Bf4 1-0

[Event "Oberliga Sued W 1617"]
[Site "Germany"]
[Date "2017.02.19"]
[Round "7.2"]
[White "Dausch, Rene"]
[Black "Boidman, Yuri"]
[Result "1/2-1/2"]
[WhiteElo "2327"]
[BlackElo "2334"]
[PlyCount "147"]
[EventDate "2016.09.25"]
[EventType "team-tourn"]
[EventRounds "9"]
[EventCountry "GER"]
[SourceTitle "EXT 2018"]
[Source "ChessBase"]
[SourceDate "2017.10.13"]
[SourceVersion "1"]
[SourceVersionDate "2017.10.13"]
[SourceQuality "1"]
[WhiteTeam "Worms"]
[BlackTeam "Heimbach Weis/Neuwied"]
[WhiteTeamCountry "GER"]
[BlackTeamCountry "GER"]

1. Nf3 d5 2. g3 Nf6 3. Bg2 Bf5 4. d3 e6 5. 0-0 h6 6. c4 c6 7. cxd5 cxd5 8. Qb3 Qb6 9. Qxb6 axb6 10. Nd4 Bh7 11. Nc3 Nc6 12. Ndb5 Rc8 13. Be3 Nd7 14. Na4 Be7 15. Rac1 0-0 16. Nxb6 Nxb6 17. Bxb6 Nb4 18. a3 Nxd3 19. exd3 Bxd3 20. Na7 Rc4 21. Rfd1 Bf6 22. Rxc4 Bxc4 23. Rd2 Bb3 24. f4 g5 25. Bf3 Kh7 26. f5 exf5 27. Bxd5 Bxd5 28. Rxd5 Bxb2 29. a4 Kg6 30. Rb5 Bc3 31. Bf2 Rd8 32. Rxb7 Rd1+ 33. Kg2 Rd2 34. Nb5 Ba5 35. Nd4 Ra2 36. Rb5 Be1 37. Rxf5 Rd2 38. Rf3 Bxf2 39. Rxf2 Rxd4 40. Ra2 Rd6 41. a5 Ra6 42. Kf3 f5 43. Ke3 Kh5 44. Ra4 Kg6 45. Kd3 Kh5 46. Kc4 f4 47. Kb5 Rf6 48. gxf4 Rf5+ 49. Kb4 gxf4 50. a6 f3 51. Ra1 Rf8 52. a7 f2 53. Rf1 Ra8 54. Rxf2 Rxa7 55. Kc5 Rd7 56. Kc6 Rd1 57. Rg2 Kh4 58. Kc5 h5 59. Kc4 Kh3 60. Re2 h4 61. Kc3 Rh1 62. Kd3 Rxh2 63. Re8 Rf2 64. Ke3 Rf7 65. Rg8 Kh2 66. Ke2 h3 67. Ke1 Rf3 68. Ke2 Rg3 69. Rf8 Kg1 70. Rf1+ Kh2 71. Rf7 Ra3 72. Kf2 Ra2+ 73. Kf1 Ra1+ 74. Kf2 1/2-1/2

[Event "Oberliga Sued W 1617"]
[Site "Germany"]
[Date "2017.02.19"]
[Round "6.2"]
[White "Dausch, Rene"]
[Black "Kipper, Jens"]
[Result "1/2-1/2"]
[WhiteElo "2327"]
[BlackElo "2386"]
[PlyCount "93"]
[EventDate "2016.09.25"]
[EventType "team-tourn"]
[EventRounds "9"]
[EventCountry "GER"]
[SourceTitle "EXT 2018"]
[Source "ChessBase"]
[SourceDate "2017.10.13"]
[SourceVersion "1"]
[SourceVersionDate "2017.10.13"]
[SourceQuality "1"]
[WhiteTeam "Worms"]
[BlackTeam "Koblenz"]
[WhiteTeamCountry "GER"]
[BlackTeamCountry "GER"]

1. d4 e6 2. g3 c5 3. Nf3 Nf6 4. Bg2 cxd4 5. 0-0 d5 6. Nxd4 e5 7. Nb3 Be6 8. f4 exf4 9. gxf4 Qd7 10. Nc3 Nc6 11. e4 dxe4 12. Qxd7+ Bxd7 13. Nxe4 Nxe4 14. Bxe4 0-0-0 15. Be3 Re8 16. Bxc6 Rxe3 17. Bxd7+ Kxd7 18. Rad1+ Kc7 19. Rfe1 Rxe1+ 20. Rxe1 Bd6 21. Kg2 Kd7 22. Kf3 h6 23. h3 g5 24. f5 h5 25. Nd2 Rg8 26. Ne4 g4+ 27. hxg4 hxg4+ 28. Kg2 Kc6 29. Nxd6 Kxd6 30. Kg3 Rg5 31. Kf4 Rh5 32. Kxg4 Rh2 33. Kg5 Rxc2 34. Kf6 Rxb2 35. Rd1+ Kc6 36. Kxf7 Rxa2 37. Rf1 b5 38. f6 b4 39. Ke7 Rh2 40. f7 Rh7 41. Ke6 Rh8 42. f8Q Rxf8 43. Rxf8 Kc5 44. Ke5 Kc4 45. Ke4 a5 46. Rc8+ Kb3 47. Kd4 1/2-1/2

[Event "Untergrombach op 32nd"]
[Site "Untergrombach"]
[Date "2015.01.05"]
[Round "6"]
[White "Dausch, Rene"]
[Black "Prill, Gerhard"]
[Result "1-0"]
[WhiteElo "2300"]
[BlackElo "1992"]
[PlyCount "63"]
[EventDate "2015.01.02"]
[EventType "swiss"]
[EventRounds "7"]
[EventCountry "GER"]
[SourceTitle "CBM 164 Extra"]
[Source "ChessBase"]
[SourceDate "2015.03.02"]
[SourceVersion "1"]
[SourceVersionDate "2015.03.02"]
[SourceQuality "1"]

1. e4 e5 2. Nf3 Nc6 3. Nc3 Nf6 4. a3 Be7 5. d4 exd4 6. Nxd4 d6 7. Bb5 Bd7 8. Bxc6 bxc6 9. f3 c5 10. Nde2 Rb8 11. a4 Bc6 12. Ng3 h5 13. a5 Nd7 14. f4 h4 15. Nf5 g6 16. Ne3 Qc8 17. 0-0 Nf6 18. Qf3 Rh5 19. f5 Rg5 20. Kh1 gxf5 21. Nxf5 Rxf5 22. Qxf5 Qxf5 23. Rxf5 Ng4 24. Nd5 Ne5 25. Nxc7+ Kd7 26. Nd5 Ke6 27. Rh5 Rg8 28. h3 Rg3 29. Bf4 Rg8 30. Bxe5 dxe5 31. Rh6+ f6 32. c4 1-0

[Event "Untergrombach op 32nd"]
[Site "Untergrombach"]
[Date "2015.01.04"]
[Round "3"]
[White "Kuehnel, Lena"]
[Black "Dausch, Rene"]
[Result "0-1"]
[WhiteElo "1970"]
[BlackElo "2300"]
[PlyCount "58"]
[EventDate "2015.01.02"]
[EventType "swiss"]
[EventRounds "7"]
[EventCountry "GER"]
[SourceTitle "CBM 164 Extra"]
[Source "ChessBase"]
[SourceDate "2015.03.02"]
[SourceVersion "1"]
[SourceVersionDate "2015.03.02"]
[SourceQuality "1"]

1. e4 c5 2. Nf3 Nc6 3. d4 cxd4 4. Nxd4 Nf6 5. Nc3 e6 6. Ndb5 d6 7. Bf4 e5 8. Bg5 a6 9. Na3 Be7 10. Bxf6 Bxf6 11. Nd5 0-0 12. Nc4 b5 13. Nce3 Bg5 14. Be2 Be6 15. 0-0 g6 16. a4 Rb8 17. axb5 axb5 18. c4 bxc4 19. Nxc4 Nd4 20. Ra6 Bxd5 21. exd5 Be7 22. f4 Qc8 23. Ra5 Rb4 24. b3 Nxb3 25. Ra3 Nd4 26. Ne3 exf4 27. Ba6 Qc5 28. Rxf4 Bg5 29. Re4 Ne2+ 0-1

[Event "BL2-Sued 1415"]
[Site "Germany"]
[Date "2014.12.07"]
[Round "4.4"]
[White "Dausch, Rene"]
[Black "Kovacs, Gabor H"]
[Result "0-1"]
[WhiteElo "2349"]
[BlackElo "2473"]
[PlyCount "60"]
[EventDate "2014.09.21"]
[EventType "team-tourn"]
[EventRounds "9"]
[EventCountry "GER"]
[SourceTitle "CBM 166 Extra"]
[Source "ChessBase"]
[SourceDate "2015.06.18"]
[SourceVersion "1"]
[SourceVersionDate "2015.06.18"]
[SourceQuality "1"]
[WhiteTeam "Untergrombach"]
[BlackTeam "Speyer Schwegenheim"]
[WhiteTeamCountry "GER"]
[BlackTeamCountry "GER"]

1. e4 e5 2. Nf3 Nc6 3. Nc3 Nf6 4. a3 Be7 5. d4 exd4 6. Nxd4 d6 7. f3 0-0 8. Be3 d5 9. exd5 Nxd5 10. Nxd5 Qxd5 11. Nxc6 Qxc6 12. Bd3 Bh4+ 13. Kf1 Re8 14. Qd2 Be6 15. Qb4 Be7 16. Qe4 Qxe4 17. Bxe4 c6 18. Rd1 f5 19. Bd3 Bf6 20. c3 Bb3 21. Re1 g6 22. Kf2 Rad8 23. Bb1 Re5 24. Bf4 Rb5 25. Bc1 Kf7 26. g3 Rbd5 27. Re2 Bc4 28. Ree1 R8d7 29. Bc2 Re7 30. Bd2 Rxd2+ 0-1

[Event "BL2-Sued 1314"]
[Site "Germany"]
[Date "2014.03.16"]
[Round "8.1"]
[White "Dausch, Rene"]
[Black "Wirig, Anthony"]
[Result "1/2-1/2"]
[WhiteElo "2365"]
[BlackElo "2491"]
[PlyCount "23"]
[EventDate "2013.10.13"]
[EventType "team-tourn"]
[EventRounds "9"]
[EventCountry "GER"]
[SourceTitle "EXT 2015"]
[Source "ChessBase"]
[SourceDate "2014.11.20"]
[SourceVersion "1"]
[SourceVersionDate "2014.11.20"]
[SourceQuality "1"]
[WhiteTeam "Untergrombach"]
[BlackTeam "Schwaebisch Hall"]
[WhiteTeamCountry "GER"]
[BlackTeamCountry "GER"]

1. e4 c5 2. c3 Nf6 3. e5 Nd5 4. Nf3 e6 5. Bc4 d6 6. 0-0 dxe5 7. Nxe5 Bd6 8. d4 Nc6 9. Nxc6 bxc6 10. dxc5 Bxc5 11. Nd2 0-0 12. Ne4 1/2-1/2

[Event "Rheinland Pfalz op 5th"]
[Site "Worms"]
[Date "2013.06.02"]
[Round "7"]
[White "Dausch, Rene"]
[Black "Muranyi, Karl Jasmin"]
[Result "0-1"]
[WhiteElo "2355"]
[BlackElo "2367"]
[PlyCount "88"]
[EventDate "2013.05.30"]
[EventType "swiss"]
[EventRounds "7"]
[EventCountry "GER"]
[SourceTitle "EXT 2014"]
[Source "ChessBase"]
[SourceDate "2013.11.20"]
[SourceVersion "1"]
[SourceVersionDate "2013.11.20"]
[SourceQuality "1"]

1. e4 e5 2. Nf3 Nc6 3. Nc3 Bc5 4. Nxe5 Nxe5 5. d4 Bd6 6. dxe5 Bxe5 7. Bd3 Ne7 8. 0-0 0-0 9. Qh5 d6 10. Bd2 Bd7 11. f4 g6 12. Qe2 Bd4+ 13. Be3 Bxe3+ 14. Qxe3 c6 15. Rae1 Qb6 16. Qxb6 axb6 17. a3 Nc8 18. f5 Ra5 19. Nd1 f6 20. fxg6 hxg6 21. Ne3 Kg7 22. c3 Re5 23. Nc2 b5 24. Rd1 Be6 25. Nd4 Bc4 26. Rf4 g5 27. Rf3 Bxd3 28. Rfxd3 Kg6 29. Nf5 d5 30. Ng3 dxe4 31. Rd7 Nb6 32. Rxb7 Nd5 33. Ne2 f5 34. Rd7 Rf6 35. b3 f4 36. c4 bxc4 37. bxc4 Ne3 38. R1d6 Nxc4 39. Rxf6+ Kxf6 40. a4 Rd5 41. Rxd5 cxd5 42. h4 gxh4 43. Nxf4 d4 44. Kf2 d3 0-1

[Event "BL2-Sued 1213"]
[Site "Germany"]
[Date "2013.02.24"]
[Round "7.3"]
[White "Dausch, Rene"]
[Black "Fuchs, Heinz"]
[Result "1/2-1/2"]
[WhiteElo "2360"]
[BlackElo "2342"]
[PlyCount "82"]
[EventDate "2012.10.14"]
[EventType "team-tourn"]
[EventRounds "9"]
[EventCountry "GER"]
[SourceTitle "CBM 154 Extra"]
[Source "ChessBase"]
[SourceDate "2013.06.25"]
[SourceVersion "2"]
[SourceVersionDate "2013.06.25"]
[SourceQuality "1"]
[WhiteTeam "Boeblingen"]
[BlackTeam "Untergrombach"]
[WhiteTeamCountry "GER"]
[BlackTeamCountry "GER"]

1. e4 c5 2. Nf3 d6 3. Bb5+ Bd7 4. Bxd7+ Qxd7 5. 0-0 g6 6. c3 Nf6 7. Re1 Bg7 8. e5 dxe5 9. Nxe5 Qd5 10. c4 Qd8 11. Qb3 Qc8 12. Qb5+ Nfd7 13. Nxd7 Nxd7 14. Nc3 a6 15. Qb3 e6 16. Nd5 Qc6 17. Qg3 Rc8 18. Qh4 f6 19. d4 Kf7 20. Nc3 cxd4 21. Qxd4 f5 22. Qe3 Ne5 23. b3 Rhd8 24. Bd2 Qd6 25. Re2 Ng4 26. Qh3 Qd3 27. Qxd3 Rxd3 28. Rc1 Rcd8 29. Be1 Bd4 30. h3 Nf6 31. Rec2 Bxc3 32. Bxc3 Ne4 33. Be1 Rd1 34. Kf1 Rxc1 35. Rxc1 e5 36. Ke2 Ke6 37. Rd1 Rxd1 38. Kxd1 Nc5 39. Ke2 h5 40. Bb4 Ne4 41. f3 Nf6 1/2-1/2

[Event "BL2-Sued 1213"]
[Site "Germany"]
[Date "2012.11.11"]
[Round "2.5"]
[White "Dausch, Rene"]
[Black "Spiegel, Stefan"]
[Result "1/2-1/2"]
[WhiteElo "2360"]
[BlackElo "2238"]
[PlyCount "135"]
[EventDate "2012.10.14"]
[EventType "team-tourn"]
[EventRounds "9"]
[EventCountry "GER"]
[SourceTitle "CBM 154 Extra"]
[Source "ChessBase"]
[SourceDate "2013.06.25"]
[SourceVersion "2"]
[SourceVersionDate "2013.06.25"]
[SourceQuality "1"]
[WhiteTeam "Boeblingen"]
[BlackTeam "Viernheim"]
[WhiteTeamCountry "GER"]
[BlackTeamCountry "GER"]

1. d4 Nf6 2. Nf3 e6 3. g3 d5 4. Bg2 Be7 5. 0-0 0-0 6. c4 c6 7. Nc3 Nbd7 8. Nd2 b6 9. e4 Bb7 10. e5 Ne8 11. cxd5 cxd5 12. f4 Ba6 13. Rf2 b5 14. f5 Nc7 15. a3 Rb8 16. b4 Nb6 17. f6 gxf6 18. Nb3 Kh8 19. Qh5 f5 20. g4 Bc8 21. Bh6 Rg8 22. gxf5 exf5 23. Nc5 Rg6 24. Bf4 Be6 25. Kh1 Nd7 26. Nd3 Bg5 27. Rg1 Nf8 28. Rff1 Ne8 29. Ne2 Rc8 30. Nc5 Be7 31. Be3 Ng7 32. Qf3 Bg5 33. Bxg5 Rxg5 34. Nf4 Ng6 35. Bh3 Nxf4 36. Qxf4 Rg6 37. Rg2 Qe7 38. Rfg1 Rc6 39. Rg5 Qd8 40. Bf1 a6 41. h4 Qe7 42. Be2 Bc8 43. Bd3 Ne6 44. Nxe6 Bxe6 45. Bxf5 Bxf5 46. Qxf5 Rc3 47. h5 Rh3+ 48. Qxh3 Rxg5 49. Rg3 Kg7 50. h6+ Kg6 51. Qh4 f6 52. Rxg5+ fxg5 53. Qh3 Qf7 54. Kg2 Qe8 55. Kg3 Qc6 56. e6 Kf6 57. Qf1+ Kxe6 58. Qf3 Ke7 59. Qe3+ Kf6 60. Qe5+ Kg6 61. Qg7+ Kh5 62. Qxh7 Qxh6 63. Qf7+ Qg6 64. Qxd5 Qd3+ 65. Kf2 Qxa3 66. Qf7+ Kg4 67. Qe6+ Kf4 68. Qe5+ 1/2-1/2

[Event "Magdeburg op 20th"]
[Site "Magdeburg"]
[Date "2012.11.04"]
[Round "4"]
[White "Dausch, Rene"]
[Black "Schneider, Ilja"]
[Result "1/2-1/2"]
[WhiteElo "2360"]
[BlackElo "2489"]
[PlyCount "20"]
[EventDate "2012.10.27"]
[EventType "swiss"]
[EventRounds "7"]
[EventCountry "GER"]
[SourceTitle "EXT 2015"]
[Source "ChessBase"]
[SourceDate "2014.11.20"]
[SourceVersion "1"]
[SourceVersionDate "2014.11.20"]
[SourceQuality "1"]

1. d4 d5 2. Nf3 Nf6 3. c4 c6 4. cxd5 cxd5 5. Nc3 Nc6 6. Bf4 a6 7. a3 Ne4 8. Rc1 Nxc3 9. Rxc3 e6 10. e3 Bd6 1/2-1/2

[Event "Magdeburg op 20th"]
[Site "Magdeburg"]
[Date "2012.11.04"]
[Round "5"]
[White "Hartung, Thomas"]
[Black "Dausch, Rene"]
[Result "0-1"]
[WhiteElo "2085"]
[BlackElo "2360"]
[PlyCount "26"]
[EventDate "2012.10.27"]
[EventType "swiss"]
[EventRounds "7"]
[EventCountry "GER"]
[SourceTitle "EXT 2015"]
[Source "ChessBase"]
[SourceDate "2014.11.20"]
[SourceVersion "1"]
[SourceVersionDate "2014.11.20"]
[SourceQuality "1"]

1. d4 Nf6 2. Nc3 d5 3. Bg5 Nbd7 4. Nf3 h6 5. Bf4 a6 6. e4 dxe4 7. Nd2 c5 8. Ndxe4 Nxe4 9. Nxe4 cxd4 10. Qxd4 e5 11. Qe3 Be7 12. Qg3 exf4 13. Qxg7 Qa5+ 0-1

[Event "Cappelle op 28th"]
[Site "Cappelle la Grande"]
[Date "2012.03.06"]
[Round "5"]
[White "Sprenger, Jan Michael"]
[Black "Dausch, Rene"]
[Result "1/2-1/2"]
[WhiteElo "2523"]
[BlackElo "2366"]
[PlyCount "96"]
[EventDate "2012.03.03"]
[EventType "swiss"]
[EventRounds "9"]
[EventCountry "FRA"]
[SourceTitle "CBM 147 Extra"]
[Source "ChessBase"]
[SourceDate "2012.04.24"]
[SourceVersion "1"]
[SourceVersionDate "2012.04.24"]
[SourceQuality "1"]

1. e4 Nf6 2. e5 Nd5 3. d4 d6 4. Nf3 dxe5 5. Nxe5 c6 6. Bc4 Nd7 7. Nd3 g6 8. 0-0 Bg7 9. c3 0-0 10. Bg5 h6 11. Bh4 b5 12. Bxd5 cxd5 13. Qb3 Nf6 14. Qxb5 Bd7 15. Qa6 Ne4 16. f3 g5 17. Be1 Nd6 18. Na3 Qb6 19. Qxb6 axb6 20. Bg3 Nf5 21. Be5 Rfc8 22. Bxg7 Kxg7 23. Nb4 e6 24. Rac1 Nd6 25. Rfe1 Ra7 26. Rc2 Rxa3 27. bxa3 Nc4 28. Rcc1 Nxa3 29. Nd3 Nb5 30. c4 dxc4 31. Ne5 Be8 32. Rxc4 Rd8 33. Rd1 f6 34. Ng4 e5 35. d5 Nd4 36. Ne3 Kg6 37. Nc2 Nxc2 38. Rxc2 Ba4 39. Rcd2 Bxd1 40. Rxd1 Kf7 41. g4 Ke7 42. Rb1 Rxd5 43. Rxb6 Rd1+ 44. Kf2 Rd2+ 45. Kg3 Rxa2 46. Rb7+ Ke6 47. Rh7 Ra3 48. Kg2 Ra2+ 1/2-1/2

[Event "Cappelle op 28th"]
[Site "Cappelle la Grande"]
[Date "2012.03.03"]
[Round "1"]
[White "Borovikov, Vladislav"]
[Black "Dausch, Rene"]
[Result "1-0"]
[WhiteElo "2579"]
[BlackElo "2366"]
[PlyCount "25"]
[EventDate "2012.03.03"]
[EventType "swiss"]
[EventRounds "9"]
[EventCountry "FRA"]
[SourceTitle "CBM 147 Extra"]
[Source "ChessBase"]
[SourceDate "2012.04.24"]
[SourceVersion "1"]
[SourceVersionDate "2012.04.24"]
[SourceQuality "1"]

1. d4 Nf6 2. Nf3 c5 3. d5 g6 4. Nc3 Bg7 5. e4 0-0 6. e5 Ne8 7. h4 d6 8. e6 fxe6 9. h5 exd5 10. hxg6 Bg4 11. gxh7+ Kh8 12. Nh4 Bxc3+ 13. bxc3 1-0

[Event "BL2-Sued 1112"]
[Site "Germany"]
[Date "2011.11.21"]
[Round "3.4"]
[White "Paci, Cedric"]
[Black "Dausch, Rene"]
[Result "1/2-1/2"]
[WhiteElo "2376"]
[BlackElo "2375"]
[PlyCount "74"]
[EventDate "2011.10.02"]
[EventType "team-tourn"]
[EventRounds "9"]
[EventCountry "GER"]
[SourceTitle "EXT 2015"]
[Source "ChessBase"]
[SourceDate "2014.11.20"]
[SourceVersion "1"]
[SourceVersionDate "2014.11.20"]
[SourceQuality "1"]
[WhiteTeam "Saarbruecken"]
[BlackTeam "Boeblingen"]
[WhiteTeamCountry "GER"]
[BlackTeamCountry "GER"]

1. Nf3 c5 2. c4 g6 3. g3 Bg7 4. d4 cxd4 5. Nxd4 Qa5+ 6. Nc3 Nc6 7. e3 Nh6 8. Nb3 Bxc3+ 9. bxc3 Qe5 10. Nd4 0-0 11. Bg2 Nf5 12. 0-0 Qc5 13. Qa4 Qa5 14. Bxc6 Qxc3 15. Nxf5 gxf5 16. Ba3 dxc6 17. Bxe7 Re8 18. Bd6 Be6 19. Rfc1 Qd3 20. Bf4 Qe4 21. Qc2 b5 22. Qxe4 fxe4 23. cxb5 cxb5 24. Rc5 Red8 25. Rxb5 Rd2 26. Rb8+ Rxb8 27. Bxb8 a6 28. g4 Rxa2 29. Rxa2 Bxa2 30. Bc7 Be6 31. h3 f5 32. gxf5 Bxf5 33. Kg2 Kf7 34. Kg3 Ke6 35. h4 Kd5 36. Kf4 Bg6 37. f3 exf3 1/2-1/2

[Event "Deizisau op 6th"]
[Site "Deizisau"]
[Date "2011.10.31"]
[Round "6"]
[White "Wittmann, Ralf"]
[Black "Dausch, Rene"]
[Result "1/2-1/2"]
[WhiteElo "2199"]
[BlackElo "2375"]
[PlyCount "122"]
[EventDate "2011.10.29"]
[EventType "swiss"]
[EventRounds "7"]
[EventCountry "GER"]
[SourceTitle "EXT 2012"]
[Source "ChessBase"]
[SourceDate "2011.11.24"]
[SourceVersion "1"]
[SourceVersionDate "2011.11.24"]
[SourceQuality "1"]

1. e4 c5 2. Nf3 g6 3. Bc4 Bg7 4. d3 Nc6 5. 0-0 e6 6. Re1 Nge7 7. c3 0-0 8. Nbd2 d5 9. Bb3 b5 10. Bc2 a5 11. Nf1 b4 12. e5 bxc3 13. bxc3 d4 14. Ba3 dxc3 15. Bxc5 Nb4 16. Bb3 Re8 17. d4 Ba6 18. Ba4 Nd3 19. Bxe8 Qxe8 20. Bxe7 Qxe7 21. Re3 Nf4 22. Ng3 Nd5 23. Re1 Bh6 24. Ne4 Nb4 25. Nxc3 Rc8 26. Ne4 Nc2 27. Nc5 Nxe1 28. Qxe1 Bc4 29. Ne4 Ra8 30. Nf6+ Kh8 31. Qe4 Rd8 32. Qh4 Kg7 33. g4 g5 34. Nxg5 Rxd4 35. Nf3 Rf4 36. Qg3 Rxf6 37. exf6+ Qxf6 38. Qe5 Bf4 39. Qxf6+ Kxf6 40. a3 Bd5 41. Ne1 a4 42. Nd3 Bd6 43. Nb4 Bb3 44. Kg2 Ke5 45. Nc6+ Kd5 46. Nd8 Be5 47. Rb1 Bd6 48. Ra1 f6 49. h4 Be7 50. Nf7 Kd4 51. g5 fxg5 52. Nxg5 Kc3 53. Nxh7 Bxh4 54. Nf8 Be7 55. Nd7 Kb2 56. Re1 Bxa3 57. Nb6 Bd5+ 58. f3 Kb3 59. Re3+ Kb4 60. Nxd5+ exd5 61. Rd3 Bb2 1/2-1/2

[Event "Deizisau op 6th"]
[Site "Deizisau"]
[Date "2011.10.29"]
[Round "1"]
[White "Dausch, Rene"]
[Black "Hefner, Felix"]
[Result "1-0"]
[WhiteElo "2375"]
[BlackElo "1903"]
[PlyCount "105"]
[EventDate "2011.10.29"]
[EventType "swiss"]
[EventRounds "7"]
[EventCountry "GER"]
[SourceTitle "EXT 2012"]
[Source "ChessBase"]
[SourceDate "2011.11.24"]
[SourceVersion "1"]
[SourceVersionDate "2011.11.24"]
[SourceQuality "1"]

1. e4 e5 2. Nf3 Nf6 3. Nc3 Nc6 4. a3 a5 5. d4 exd4 6. Nxd4 Nxd4 7. Qxd4 d6 8. Bg5 Be7 9. 0-0-0 0-0 10. e5 Nd5 11. Bxe7 Nxe7 12. exd6 Nf5 13. Qf4 g5 14. Qd2 Nxd6 15. Ne4 Bg4 16. f3 Nxe4 17. Qe3 Qf6 18. Qxe4 Bf5 19. Qc4 Qe6 20. g4 Qe3+ 21. Kb1 Be6 22. Qc3 Qxc3 23. bxc3 Rad8 24. Bd3 Bd5 25. Rdf1 Rd6 26. h4 gxh4 27. Rxh4 h6 28. c4 Bc6 29. Rh5 Rf6 30. f4 Ra8 31. g5 hxg5 32. Rg1 Ra6 33. c5 b5 34. Rgxg5+ Kf8 35. Rh8+ Ke7 36. Re5+ Re6 37. Rxe6+ Kxe6 38. a4 Ra8 39. Rh6+ Kd5 40. Rxc6 Kxc6 41. Be4+ Kxc5 42. Bxa8 bxa4 43. Kb2 Kb4 44. Bd5 a3+ 45. Ka2 f6 46. Be4 c5 47. Bf5 Ka4 48. c3 Kb5 49. Be6 a4 50. Kxa3 Ka5 51. c4 Kb6 52. Kxa4 Ka6 53. Bd7 1-0

[Event "Wiesbaden op 23rd"]
[Site "Wiesbaden"]
[Date "2011.08.28"]
[Round "7"]
[White "Dausch, Rene"]
[Black "Schupp, Tobias"]
[Result "1-0"]
[WhiteElo "2375"]
[BlackElo "2041"]
[PlyCount "115"]
[EventDate "2011.08.25"]
[EventType "swiss"]
[EventRounds "7"]
[EventCountry "GER"]
[SourceTitle "CBM 144 Extra"]
[Source "ChessBase"]
[SourceDate "2011.10.28"]
[SourceVersion "1"]
[SourceVersionDate "2011.10.28"]
[SourceQuality "1"]

1. d4 Nf6 2. Nf3 c5 3. d5 d6 4. Nc3 g6 5. e4 Bg7 6. Bb5+ Bd7 7. a4 0-0 8. 0-0 Bxb5 9. axb5 Nbd7 10. Qe2 Ne8 11. Rd1 Nc7 12. Bf4 a6 13. bxa6 Rxa6 14. Rxa6 Nxa6 15. e5 Nxe5 16. Nxe5 dxe5 17. Bxe5 Bxe5 18. Qxe5 Qd6 19. Re1 Qxe5 20. Rxe5 Re8 21. Ne4 Kf8 22. d6 f5 23. Ng5 exd6 24. Nxh7+ Kf7 25. Rxe8 Kxe8 26. Nf6+ Kf7 27. Nd5 b5 28. h4 c4 29. Kf1 Nc5 30. Ke2 Na4 31. b3 cxb3 32. cxb3 Nc5 33. b4 Ne6 34. Ke3 Kg7 35. g3 Kh6 36. Ne7 Kh5 37. f3 Kh6 38. Nc8 Nc7 39. Kd4 Na6 40. Kc3 d5 41. Ne7 d4+ 42. Kb3 d3 43. Nd5 g5 44. hxg5+ Kxg5 45. Kc3 Nb8 46. Kxd3 Nc6 47. Kc3 Kh5 48. Nc7 Ne5 49. f4 Nd7 50. Nxb5 Kg4 51. Nc7 Kxg3 52. Nd5 Kf3 53. Kd4 Kg4 54. Kc4 Kf3 55. Kb5 Ke4 56. Kc6 Nb8+ 57. Kd6 Kd4 58. b5 1-0